<?xml version="1.0" encoding="UTF-8"?>
<marc:record xmlns:marc="http://www.loc.gov/MARC21/slim">
   <marc:leader>00000nam a2200000 a 4500</marc:leader>
   <marc:datafield ind1="1" ind2=" " tag="100">
      <marc:subfield code="a">Mappes-Niediek, Norbert</marc:subfield>
      <marc:subfield code="4">aut</marc:subfield>
      <marc:subfield code="e">Verfasser/-in</marc:subfield>
   </marc:datafield>
   <marc:datafield ind1=" " ind2=" " tag="653">
      <marc:subfield code="a">Jugoslawien / Krieg</marc:subfield>
   </marc:datafield>
   <marc:datafield ind1=" " ind2=" " tag="653">
      <marc:subfield code="a">Europa / Geschichte</marc:subfield>
   </marc:datafield>
   <marc:datafield ind1="0" ind2="0" tag="245">
      <marc:subfield code="a">Krieg in Europa</marc:subfield>
   </marc:datafield>
   <marc:datafield ind1="0" ind2="0" tag="245">
      <marc:subfield code="b">der Zerfall Jugoslawiens und der überforderte Kontinent</marc:subfield>
   </marc:datafield>
   <marc:datafield ind1="0" ind2="0" tag="245">
      <marc:subfield code="c">Mappes-Niediek, Norbert</marc:subfield>
   </marc:datafield>
   <marc:datafield ind1=" " ind2="1" tag="264">
      <marc:subfield code="a">Berlin</marc:subfield>
      <marc:subfield code="b">Rowohlt Berlin</marc:subfield>
      <marc:subfield code="c">2022</marc:subfield>
   </marc:datafield>
   <marc:datafield ind1=" " ind2=" " tag="250">
      <marc:subfield code="a">Originalausgabe</marc:subfield>
   </marc:datafield>
   <marc:datafield ind1="1" ind2=" " tag="520">
      <marc:subfield code="a">Die Jugoslawienkriege haben die Weltöffentlichkeit erschüttert. Sie sind verbunden mit den schlimmsten Verbrechen in Europa seit dem Zweiten Weltkrieg – mit Folgen, die unmittelbar in unsere Gegenwart reichen.&#xD;
            &#xD;
Norbert Mappes-Niediek, langjähriger Südosteuropa-Korrespondent und zeitweiliger UN-Berater, führt in seiner großen erzählerischen Gesamtdarstellung mitten hinein in dieses dunkle Kapitel der jüngsten europäischen Geschichte: angefangen mit den ersten Panzern in Slowenien und dem Schock darüber, dass im vermeintlich friedlichen Europa plötzlich wieder Krieg ausbricht, bis hin zum UN-Kriegsverbrechertribunal in Den Haag. Er zeichnet die Bruchstellen des ehemaligen Vielvölkerstaats nach, nimmt das unfassbare Massaker im bosnischen Srebrenica in den Blick, fragt nach Interessen und Strategien der Kriegsparteien, aber auch nach der Verantwortung der ausländischen Mächte – und macht so die weltpolitische Tragweite des Konflikts deutlich.</marc:subfield>
   </marc:datafield>
   <marc:datafield ind1=" " ind2=" " tag="020">
      <marc:subfield code="a">9783737101264</marc:subfield>
      <marc:subfield code="9">9783737101264</marc:subfield>
   </marc:datafield>
   <marc:datafield ind1=" " ind2=" " tag="020">
      <marc:subfield code="a">3737101264</marc:subfield>
      <marc:subfield code="9">3737101264</marc:subfield>
   </marc:datafield>
   <marc:datafield ind1=" " ind2=" " tag="041">
      <marc:subfield code="a">ger</marc:subfield>
   </marc:datafield>
   <marc:datafield ind1=" " ind2=" " tag="300">
      <marc:subfield code="b">Illustrationen</marc:subfield>
   </marc:datafield>
   <marc:datafield ind1=" " ind2=" " tag="338">
      <marc:subfield code="a">Band</marc:subfield>
   </marc:datafield>
   <marc:datafield ind1=" " ind2=" " tag="300">
      <marc:subfield code="a">397 Seiten</marc:subfield>
   </marc:datafield>
</marc:record>
